[Event "Mittelfranken-chTB2a 0910"]
[Site "Mittelfranken"]
[Date "2009.10.11"]
[Round "1.6"]
[White "Foessel, Max"]
[Black "Adelhuette, Dennis"]
[Result "0-1"]
[WhiteElo "1470"]
[BlackElo "1824"]
[PlyCount "72"]
[EventDate "2009.10.11"]
[EventType "team-tourn"]
[EventRounds "9"]
[EventCountry "GER"]
[SourceTitle "EXT 2011"]
[Source "ChessBase"]
[SourceDate "2010.11.26"]
[SourceVersion "1"]
[SourceVersionDate "2010.11.26"]
[SourceQuality "1"]
[WhiteTeam "Buechenbach/Roth III"]
[BlackTeam "Erlangen SC II"]
[WhiteTeamCountry "GER"]
[BlackTeamCountry "GER"]

1. d4 Nf6 2. Nf3 d6 3. c4 g6 4. Nc3 Bg7 5. e4 Nbd7 6. Be2 0-0 7. h3 c5 8. d5 a6 9. a4 Qc7 10. a5 Re8 11. 0-0 Nf8 12. Ne1 e6 13. Bf4 exd5 14. exd5 Ne4 15. Nxe4 Rxe4 16. Bc1 Bd7 17. Bd3 Re7 18. Nf3 b5 19. Qc2 bxc4 20. Bxc4 Bb5 21. Nd2 Rae8 22. Ra3 Nd7 23. Bxb5 axb5 24. b4 Nf6 25. bxc5 dxc5 26. Qd3 Qd7 27. Nf3 b4 28. Ra2 Qxd5 29. Qxd5 Nxd5 30. Rc2 Bc3 31. Bd2 Re2 32. Rd1 Ra8 33. Kf1 Rae8 34. Bxc3 Rxc2 35. Rxd5 Rxc3 36. g4 Rxf3 0-1